Fit to drop? (Record no. 70756)
[ view plain ]
| 000 -LEADER | |
|---|---|
| fixed length control field | 01081cam a2200229 4500 |
| 001 - CONTROL NUMBER | |
| control field | ABS65755 |
| 008 - FIXED-LENGTH DATA ELEMENTS--GENERAL INFORMATION | |
| fixed length control field | 020717n2002 000 0 eng u |
| 035 ## - SYSTEM CONTROL NUMBER | |
| System control number | (Sirsi) u118879 |
| 100 ## - MAIN ENTRY--PERSONAL NAME | |
| Personal name | Dyer, M |
| 245 ## - TITLE STATEMENT | |
| Title | Fit to drop? |
| 260 ## - PUBLICATION, DISTRIBUTION, ETC. | |
| Date of publication, distribution, etc. | 2002 |
| 490 ## - SERIES STATEMENT | |
| Series statement | Estates Gazette |
| Volume/sequential designation | (0227) 6 July 2002, 52-53(2) |
| 520 ## - SUMMARY, ETC. | |
| Summary, etc. | Analysis of the UK health and fitness club market in the wake of three of the leading operators issuing profit warnings and being subject to takeover bids. Looks at the fortunes of Fitness First, Holmes Place and Esporta and highlights issues such as expansion into Europe, rental levels, oversupply in the City of London, and the problem of finding good sites in the South East. Leisure specialists predict that there will be steady growth in fitness club memebership. Table showing top 10 groups of health and fitness clubs in the UK. |
| 590 ## - LOCAL NOTE (RLIN) | |
| Local note | ABS |
| 650 ## - SUBJECT ADDED ENTRY--TOPICAL TERM | |
| Topical term or geographic name entry element | FITNESS CLUBS |
| 650 ## - SUBJECT ADDED ENTRY--TOPICAL TERM | |
| Topical term or geographic name entry element | MEMBERSHIP |
| 650 ## - SUBJECT ADDED ENTRY--TOPICAL TERM | |
| Topical term or geographic name entry element | HEALTH CLUBS |
| 650 ## - SUBJECT ADDED ENTRY--TOPICAL TERM | |
| Topical term or geographic name entry element | LEISURE MARKET |
| 650 ## - SUBJECT ADDED ENTRY--TOPICAL TERM | |
| Topical term or geographic name entry element | LEISURE OPERATORS |
| 690 ## - LOCAL SUBJECT ADDED ENTRY--TOPICAL TERM (OCLC, RLIN) | |
| Topical term or geographic name as entry element | LEISURE AND RECREATION |
| 942 ## - ADDED ENTRY ELEMENTS (KOHA) | |
| Suppress in OPAC | 0 |
| Withdrawn status | Lost status | Source of classification or shelving scheme | Damaged status | Not for loan | Home library | Current library | Shelving location | Date acquired | Total Checkouts | Full call number | Barcode | Date last seen | Copy number | Price effective from | Koha item type |
|---|---|---|---|---|---|---|---|---|---|---|---|---|---|---|---|
| Dewey Decimal Classification | London | London | Journal article | 17/07/2002 | ABS65755 | 118879-1001 | 06/08/2019 | 1 | 06/08/2019 | Journal article |